| 000 | 00744nam a22002417a 4500 | ||
|---|---|---|---|
| 999 |
_c8433 _d8433 |
||
| 003 | AR-CdUCM | ||
| 008 | 190325b ||||| |||| 00| 0 spa d | ||
| 040 |
_aMUNICIPALIDAD PROVINCIAL DEL CUSCO _cBIBLIOTECA MUNICIPAL DEL CUSCO |
||
| 082 |
_a823 / _bK28 |
||
| 100 |
_aKayira, Legson _923670 |
||
| 245 | _aUlises Negro / | ||
| 260 |
_aMexico : _bPax - Mexico, _bLibreria Carlos Sesarman, _c1967. |
||
| 300 |
_a315 paginas ; _c18 cm. |
||
| 440 |
_aColeccion hombre y civilización _n3 _923671 |
||
| 500 | _aNovela | ||
| 650 |
_aNovela _95 |
||
| 650 |
_aNegros en la literatura _923672 |
||
| 650 |
_aSiglo XIX _9971 |
||
| 650 |
_aEstados Unidos _91805 |
||
| 700 |
_aTrejo de Hernandez, Luz MarÃa _923673 |
||
| 942 |
_2ddc _cLIBROS |
||
| 945 | _apjha | ||